Wypisz wszystkie gry z serii... #1 - Statystyki

Ogólne statystyki
  • Ten quiz został rozwiązany 810 razy
    103 od ostatniego zresetowania
  • Średni wynik to 19 z 60
Statystyki odpowiedzi
Rok wydania Platforma Docelowa % Poprawnych
1997 PC,PS,GBC Grand Theft Auto
96%
2013 PS3,X360,PC,PS4,XBO, PS5, Xbox Series X Grand Theft Auto V
95%
1999 PC,PS,Dreamcast,GBC Grand Theft Auto 2
94%
2001 PC,PS2,Xbox Grand Theft Auto III
93%
2008 PS3,X360,PC Grand Theft Auto IV
92%
2004 PC,PS2,Xbox Grand Theft Auto: San Andreas
89%
2002 PC,PS2,Xbox Grand Theft Auto: Vice City
87%
2007 PC, PS3, X360 Assassin's Creed
71%
2009/2016 PC, PS3, X360/PS4,XBO Assassin's Creed II
61%
2020 PC, PS4, XBO, PS5, Xbox Series X Assassin's Creed: Valhalla
57%
2012/2019 PC, PS3, X360, WiiU/PS4, XBO, Switch Assassin's Creed III
56%
2013/2019 PC, PS3, X360, WiiU/PS4, XBO, Switch Assassin's Creed IV: Black Flag
56%
2018 PC, PS4, XBO Assassin's Creed: Odyssey
54%
2010/2016 PC, PS3, X360/PS4, XBO Assassin's Creed: Brotherhood
49%
2005 PSP,PS2 Grand Theft Auto: Liberty City Stories
49%
2023 PC, PS4, XBO, PS5, Xbox Series X Assassin's Creed Mirage
48%
2017 PC, PS4, XBO Assassin's Creed: Origins
48%
1999 PS/PC Silent Hill
43%
2001/2012/2024 PC,PS2,Xbox/PS3,X360, PS5, Xbox Series X Silent Hill 2
42%
2025 PC, PS5, Xbox Series X Assassin's Creed Shadows
40%
2014 PC, PS4, XBO Assassin's Creed: Unity
40%
2006 PSP,PS2 Grand Theft Auto: Vice City Stories
40%
2015 PC, PS4, XBO Assassin's Creed: Syndicate
36%
2003/2012 PC. PS2/PS3,X360 Silent Hill 3
36%
2011/2016 PC, PS3, X360/PS4, XBO Assassin's Creed: Revelations
33%
1999 PC,PS Grand Theft Auto London
33%
2004 PC, PS2, Xbox Silent Hill 4: The Room
33%
1987 NES The Legend of Zelda
33%
2014/2018 PS3, X360/PC, PS4, XBO Assassin's Creed: Rogue
30%
2009 NDS,PSP Grand Theft Auto: Chinatown Wars
29%
2007 PSP, PS2 Silent Hill: Origins
21%
2017 WiiU/Switch The Legend of Zelda: Breath of the Wild
20%
2004 GBA Grand Theft Auto Advance
18%
1988 NES Zelda II: The Adventure of Link
15%
2015-2016 PC, PS4, XBO, PSV Assassin's Creed: Chronicles (China, India, Russia)
14%
2012/2019 PSV/PC, PS4, XBO, Switch Assassin's Creed III: Liberation
14%
2009 PSP Assassin's Creed: Bloodlines
11%
1998/2011 N64/3DS The Legend of Zelda: Ocarina of Time
11%
2000/2015 N64/3DS The Legend of Zelda: Majora's Mask
10%
2008 PC, PS3, X360 Silent Hill: Homecoming
7%
2023 Switch The Legend of Zelda: Tears of the Kingdom
7%
2006/2016 NGC, Wii/WiiU The Legend of Zelda: Twilight Princess
6%
2010 NDS Assassin's Creed II: Discovery
5%
2009 Wii, PS2, PSP Silent Hill: Shattered Memories
5%
2004 GBA The Legend of Zelda: Minish Cap
5%
2012 PC, PS3, X360 Silent Hill: Downpour
4%
1991 SNES The Legend of Zelda: A Link to the Past
4%
2002 GBA The Legend of Zelda: Four Swords
4%
1993/2019 GB/Switch The Legend of Zelda Link's Awakening
4%
2011 Wii The Legend of Zelda: Skyward Sword
4%
2009 NDS The Legend of Zelda: Spirit Tracks
4%
2002/2013 NGC/WiiU The Legend of Zelda: Wind Waker
4%
2012 PSV Silent Hill: Book of Memories
2%
2013 3DS The Legend of Zelda: A Link Between Worlds
2%
2024 Switch The Legend of Zelda: Echoes of Wisdom
2%
2001 GBC The Legend of Zelda: Oracle of Ages
2%
2001 GBC The Legend of Zelda: Oracle of Seasons
2%
2007 NDS The Legend of Zelda: Phantom Hourglass
2%
2015 3DS The Legend of Zelda: Tri Force Heroes
2%
2004 NGC The Legend of Zelda: Four Swords Adventure
0%
Nie znaleziono quizów pasujących do podanych kryteriów
Rozkład punktacji
Procent ludzi z każdym wynikiem
Percentyl według liczby udzielonych odpowiedzi
Twoja historia wyników
Nie rozwiązałeś tego quizu od ostatniego zresetowania